000 01051nmc a2200361 a 4500
003 AR-BaBNM
005 20251128211645.0
008 195020s2000 ||||||||||||||000 | spa||
020 _a84-7827-242-9
040 _cAR-BaBNM
245 1 0 _aLa escritura en la enseñanza secundaria
_blos procesos del pensar y del escribir
250 _a1ª ed.
260 _aBarcelona
_bGraó
_c2000
300 0 _a255 p.
490 0 _aColección Graó. Biblioteca de Textos
_v151
504 _aIncluye bibliografía al final del volumen
650 4 _aESCRITURA
650 4 _aENSENANZA DE LA ESCRITURA
650 4 _aACTIVIDADES DE APRENDIZAJE
653 _aEDUCACION SECUNDARIA
653 _aPRODUCCION DE TEXTOS
653 _aENSENANZA DE LA LENGUA
700 1 _aBjörk, Lennart
700 1 _aBlomstand, Ingegerd
700 1 _aLomas, Carlos
_eeditor
700 1 _aTusón, Amparo
_eeditor
800 1 _aLomas, Carlos
800 1 _aMiret, Inés
800 1 _aRuiz Bikandi, Uri
800 1 _aTusón, Amparo
942 _cBK
998 _ccalidad
999 _c20605
_d20605